00382nam a2200157Ia 45000010006000000050017000060080041000230410008000640820015000721000035000872450049001222600009001713000028001806500008002086540008002161906620260306171716.0260306s9999||||xx |||||||||||||| ||und|| aESP a658.8bG45 aGilmore, James H. [comp.]eAUT 0aMarketing (1x1):bcada cliente es un mercado c2005 a313 páginas :c18 cm. aGEN aCAN